Gaming Quiz

Random Gaming Quiz
Score 0/46 Timer 07:00
1 Play Today
Class Character % Correct
RangerIke
99.8%
PaladinTitania
97.1%
FighterBoyd
96.4%
MageSoren
96.1%
Lance KnightOscar
96.1%
ClericMist
95.8%
ArcherRolf
95.1%
PriestRhys
94.1%
SniperShinon
93.8%
MyrmidonMia
93.1%
Wyvern KnightJill
92.3%
KnightGatrie
92.2%
Beast TribeLethe
90.4%
ThiefSothe
90.2%
Pegasus KnightMarcia
88.5%
Princess CrimeaElincia
88.3%
ThiefVolke
88%
SoldierNephenee
87.9%
Beast TribeMordecai
87%
Bow KnightAstrid
86.9%
MageIlyana
86.2%
Axe KnightKieran
84.8%
KnightBrom
84.7%
Class Character % Correct
Wyvern LordHaar
84.6%
Bird TribeTibarn
83%
MyrmidonZihark
82.5%
Bird TribeReyson
79.9%
Bird TribeUlki
79.1%
HalberdierDevdan
79%
Beast TribeRanulf
79%
Dragon TribeEna
78.9%
Bird TribeNaesala
78.4%
SwordmasterLucia
77.7%
SwordmasterStefan
77.4%
MageTormod
77.3%
Bird TribeJanaff
77%
Dragon TribeNasir
77%
PaladinGeoffrey
76.1%
Falcon KnightTanith
74.4%
Sword KnightMakalov
73.8%
SageCalill
71.9%
SageBastian
70%
Beast TribeMuarim
68.2%
BerserkerLargo
67.3%
Beast TribeGiffca
67%
GeneralTauroneo
65.9%

You're not logged in!

Compare scores with friends on all Sporcle quizzes.
OR
Log In

Sporcle TV

Today on Sporcle TV


Watch our educational content, quiz creation guides, and fun videos on Sporcle TV.

Show Comments

Extras

Top Quizzes Today


Score Distribution

Paid Content

Your Account Isn't Verified!

In order to create a playlist on Sporcle, you need to verify the email address you used during registration. Go to your Sporcle Settings to finish the process.

Report this User

Report this user for behavior that violates our Community Guidelines.

Details: